000 00371nam a2200145 4500
001 109714
003 ES-MaACL
007 t|
008 061121s1967 sp r ||||1| spa d
100 1 _aOmbuena, José.
_987038
245 1 0 _aPapeles /
_cJosé Ombuena.
260 _aValencia :
_bPrometeo,
_c1967.
300 _a205 p. ;
_c22 cm.
852 _aES-MaACL
_jG-4137
_bR.65081
999 _c109714
_d109714